000 00610nam a22002297a 4500
001 14366
003 BD-JhCC
005 20250729105441.0
008 250729b |||||||| |||| 00| 0 eng d
020 _a9780141398297
035 _a(BD-JhCC) 14366
040 _aBD-JhCC
_dBD-JhCC
041 _aeng
082 _223
_a821.1
_bKEA
100 _aKeats,John
245 _aThe Eve of St Agnes /
_cJohn Keats
260 _aIndia:
_bPenguin Classics,
_c2007
300 _a55p.
_c16 cm.
_ePaper binding
490 _aPenguin Little Black Classics
_v13
650 _aEnglish Fiction
_vEnglish Poem
942 _2ddc
_cBK
999 _c14366
_d14366